| 000 | 00588nam a2200181Ia 4500 | ||
|---|---|---|---|
| 008 | 090124s9999 xx 000 0 und d | ||
| 082 | _b115692 | ||
| 100 | _aकाकोडकर चंद्रकांत. | ||
| 245 | _a गोषातील सुंदरी | ||
| 250 | _a1 | ||
| 260 | _c1974 | ||
| 300 | _a158 | ||
| 600 | _aकाकोडकर चंद्रकांत. | ||
| 630 | _a गोषातील सुंदरी | ||
| 700 | _aकाकोडकर चंद्रकांत. | ||
| 730 | _a गोषातील सुंदरी | ||
| 942 | _cBOOK | ||
| 999 |
_c161783 _d161783 |
||